000 00896cab a22002415a 4500
001 L159890
008 150113e2017 xxk 000 0 eng d
035 _a(Sirsi) u159890
041 0 _aeng
050 _a690.241 $2 18
100 1 _aMitchell, David
245 0 0 _aHeritage hub
_h[electronic resource]
260 _aLondon
_bRICS
_c2017
490 _aRICS Building Surveying Journal
_vDecember 2017 - January 2018, 28-29(2)
520 _aThe Engine Shed in Stirling aims to promote Scotland's built heritage by offering a resource for conservation professionals and the public alike.
650 2 4 _aHistoric buildings
650 2 4 _aHERITAGE PROPERTY
651 4 _aUnited Kingdom
_y
690 _aConservation and restoration
856 4 0 _uhttps://issuu.com/ricsmodus/docs/building_surveying_journal_december_cfa9ea648afe6a
_yAvailable free online via Issuu
856 4 0 _u
_z
942 _n0
999 _c85046
_d85046